[Event "Morbihan-ch 1213"]
[Site "France"]
[Date "2013.02.23"]
[Round "5"]
[White "Le Gal, Loic"]
[Black "Richeux, Guillaume"]
[Result "1-0"]
[WhiteElo "1537"]
[BlackElo "1399"]
[PlyCount "121"]
[EventDate "2012.10.27"]
[EventType "swiss"]
[EventRounds "7"]
[EventCountry "FRA"]
[SourceTitle "EXT 2014"]
[Source "ChessBase"]
[SourceDate "2013.11.20"]
[SourceVersion "1"]
[SourceVersionDate "2013.11.20"]
[SourceQuality "1"]

1. c4 e5 2. Nc3 c6 3. e3 d5 4. b3 Nf6 5. d4 Bb4 6. Bd2 exd4 7. exd4 0-0 8. Bd3 Re8+ 9. Nge2 Nh5 10. 0-0 Qf6 11. cxd5 Bd6 12. Ne4 Qe7 13. N2c3 Nf6 14. Qf3 cxd5 15. Nxf6+ Qxf6 16. Qxf6 gxf6 17. Nxd5 Nd7 18. Bf5 Kg7 19. g3 Re2 20. Bf4 Ba3 21. Bc1 Bxc1 22. Rfxc1 b6 23. Rc7 Ne5 24. Rxc8 Rxc8 25. Bxc8 Nf3+ 26. Kf1 Nxd4 27. Rd1 Rc2 28. Rxd4 Rxc8 29. Rg4+ Kf8 30. Rg8+ Kxg8 31. Ne7+ Kg7 32. Nxc8 Kg6 33. Nxa7 Kf5 34. Nc6 Ke6 35. Ke2 Kd7 36. Nd4 Kd6 37. Kd3 Kc5 38. a3 Kd5 39. Nf5 h5 40. h4 Ke6 41. Ng7+ Ke5 42. Nxh5 f5 43. Ng7 f4 44. Ne8 f5 45. gxf4+ Kxf4 46. Nd6 Kg4 47. Nxf5 Kxf5 48. Kd4 Ke6 49. h5 Kf7 50. Kd5 Kg7 51. f4 Kh6 52. Ke6 Kxh5 53. f5 b5 54. f6 b4 55. axb4 Kh6 56. f7 Kh7 57. f8Q Kg6 58. Qf6+ Kh7 59. Qg5 Kh8 60. Kf7 Kh7 61. Qg7# 1-0

[Event "Morbihan-ch 1213"]
[Site "France"]
[Date "2013.01.19"]
[Round "4"]
[White "Richeux, Guillaume"]
[Black "Le Coz, Yannick"]
[Result "0-1"]
[WhiteElo "1399"]
[BlackElo "1595"]
[PlyCount "68"]
[EventDate "2012.10.27"]
[EventType "swiss"]
[EventRounds "7"]
[EventCountry "FRA"]
[SourceTitle "EXT 2014"]
[Source "ChessBase"]
[SourceDate "2013.11.20"]
[SourceVersion "1"]
[SourceVersionDate "2013.11.20"]
[SourceQuality "1"]

1. e4 e5 2. Nf3 Nc6 3. g3 Bc5 4. Nc3 d6 5. Na4 Bg4 6. Bg2 Qf6 7. c3 a6 8. Nxc5 dxc5 9. 0-0 Rd8 10. h3 Bh5 11. g4 Bg6 12. Re1 Rd3 13. Qe2 Qd8 14. Bf1 Rd6 15. Qc4 h5 16. gxh5 Bxh5 17. Re3 Rg6+ 18. Bg2 Qf6 19. Kf1 Qe7 20. d4 Bxf3 21. Rxf3 cxd4 22. cxd4 exd4 23. Bd2 Ne5 24. Qxd4 Nxf3 25. Bxf3 c5 26. Qc3 Rxh3 27. Rd1 Qf6 28. Qxc5 Rxf3 29. Be3 Qc6 30. Qe5+ Ne7 31. Bc5 Qb5+ 32. Ke1 Rg1+ 33. Kd2 Qd3+ 34. Kc1 Qxd1# 0-1